000 00511nab a2200157Ia 4500
003 ES-SlBCS
005 20210601124204.0
008 140529s2000 xxu||||| |||| 00| 0 eng d
041 _aeng
100 1 _aAnderson, Margo
_9137195
245 0 0 _aRace and Ethicity and the Controversy over the US Census
_c Margo Anderson, Stephen E. Fienberg
650 0 4 _aRaza-Etnia
_9134493
700 1 _aFienberg, Stephen E.
_9137196
773 0 _tCurrent Sociology
_gvol. 48, nº. 3, 2000, págs. 87-110
_wRev1395
942 _cAR
999 _c510736
_d510736